World Map without 12 Countries #3 - One Minute Sprint - Statistics

General Stats
  • This quiz has been taken 130 times
  • The average score is 9 of 12
Answers on the Map
Answers color-coded by a green-red scale on the quiz's map according to % correct below.
 
Answer Stats
country % Correct
Uruguay
95%
Yemen
88%
Oman
86%
Tunisia
85%
Philippines
82%
Eritrea
77%
Estonia
77%
Latvia
77%
Lithuania
76%
Taiwan
72%
Ireland
71%
Netherlands
51%
No matching quizzes found
Score Distribution
Percent of People with Each Score
Percentile by Number Answered
Your Score History
You have not taken this quiz